| 000 | 01127nam a2200349Ia 4500 | ||
|---|---|---|---|
| 001 | Z_6622 | ||
| 003 | CHAP | ||
| 005 | 20230313144402.0 | ||
| 007 | ta | ||
| 008 | 220601t2001 sp ad fr 001 0 spa d | ||
| 020 | _a84-7114-973-7 | ||
| 040 |
_aZ _cCHAP |
||
| 082 | _a630.2515 A37 | ||
| 245 | 1 | _aAgrometeorologia / coordinadores Francisco Elias Castillo, Francesc Castellvi Sentis | |
| 250 | _a2a ed. | ||
| 260 |
_aEspaña : Mundi-Prensa _bMundi-Prensa _c2001 |
||
| 300 |
_a517 p.: _bilustraciones, gráficas, tablas |
||
| 500 | _aSegunda edición corregida | ||
| 503 | _aej.1: consumo \ ej.2: consumo \ ej.3. consumo | ||
| 504 | _aBibliografía: p. 503 - 512 | ||
| 650 | _a1. Agrometeorología | ||
| 650 |
_aClima _9145527 |
||
| 650 |
_aFactores climáticos _9144400 |
||
| 650 | _aPronóstico meteorológico | ||
| 650 | _aTiempo meteorológico | ||
| 700 | 1 |
_aElias Castillo, Francisco _9145390 _eeditor |
|
| 700 | 1 |
_a Castellvi Sentis, Francesc _9145389 _eeditor |
|
| 901 | _a630.2515 A37 | ||
| 902 | _aA | ||
| 905 | _a523227 2001 sp amn 8221113311spa16 | ||
| 942 |
_cLIBRO _2ddc |
||
| 999 |
_c217153 _d217153 |
||